000
00366nam a2200145Ia 4500
008
230718s9999 xx 000 0 und d
041
_a
Eng.
082
_a
891.43
_b
، م-ح
100
_a
، مولوی محمد
245
0
_a
حصہ ہیر وارث شاہ
260
_a
Pakistan
_b
سنگ میل پلی کیز
_c
2003
300
_a
264
650
_a
Law
999
_c
28788
_d
28788